Normal view
MARC view
- ATHIRA P
Entry Personal Name
001 - CONTROL NUMBER
- control field: 3971
003 - CONTROL NUMBER IDENTIFIER
- control field: OSt
005 - DATE AND TIME OF LATEST TRANSACTION
- control field: 20181119142508.0
008 - FIXED-LENGTH DATA ELEMENTS
- fixed length control field: 181119|| aca||aabn | a|a d
040 ## - CATALOGING SOURCE
- Original cataloging agency: OSt
- Transcribing agency: OSt
100 ## - HEADING--PERSONAL NAME
- Personal name: ATHIRA P
670 ## - SOURCE DATA FOUND
- Source citation: Work cat.: (OSt)14912: ATHIRA P RANJAN KUMAR, Soil Reinforcement Using Coconut Fibre
